| 000 | 00642nam a2200217 a 4500 | ||
|---|---|---|---|
| 005 | 20230524064159.0 | ||
| 008 | 010521s1998 mx r 000 0 spa d | ||
| 020 | _a9682321085 | ||
| 035 | _aUPN01000106566 | ||
| 049 | _aCG | ||
| 050 | 4 |
_aLA428.7 _bJ3.5 |
|
| 100 | 1 | _aJardón, Raúl | |
| 245 | 1 | 0 |
_a1968, el fuego de la esperanza / _cpor Raúl Jardón. |
| 260 |
_aMéxico : _bSiglo XXI, _c1998. |
||
| 300 | _a335 p. | ||
| 440 | 0 | _aHistoria inmediata | |
| 650 | 2 |
_aMovimientos estudiantiles _zMéxico _916912 |
|
| 650 | 0 |
_aEstudiantes _xActividad política _zMéxico _918029 |
|
| 651 | 4 |
_aMEXICO - _xHISTORIA - _y1964-1970 |
|
| 905 | _aLibro | ||
| 999 |
_c80478 _d80478 |
||